Международные договоры истории России - Statistics

General Stats
  • This quiz has been taken 16 times
    4 since last reset
  • The average score is 22 of 47
Answer Stats
Изменение территориального
статуса
Подписанты
с обоих
сторон
Прочие пункты
договора
Название
договора и война
Дата % Correct
Велиж с уездом А. Радзивилл Возвращение всех занятых земель Ям-запольский мир1558-1582 1582
67%
Ям, Копорье, Ивангород, Нотебург, Кексгольм, устье Невы П.Делагарди,И.С. Лобанов- Ростовский - Плюсское перемирие1558-1583 1583
67%
Ям, Копорье, Ивангород,Нотебург, Кексгольм И.С. Туренин,О.С. Пушкин - Тявзинский мир1590-1595 1595
67%
Ям, Копорье, Ивангород, Нотебург, Кексгольм, устье Невы Д.И. Мезецкой Я. Делагарди, Обязательство в Псковепродавать хлеб Столбовский мир1610-1617 1617
67%
Серпейск с уездом Ф.И. Шереметев Отказ от претензий на престол Поляновский мир1632-1634 1634
67%
Смоленщина, Киев, Левобережная Украина А.Л. Ордин-Нащокин Установление коллективного управления над Запорожьем Андрусовское перемирие 1654-1667 1667
67%
Киев, Запорожье В.В. Голицын Вхождение в СвященнуюЛигу, свобода веры для православных Вечный мир 1686
67%
Устье Дона П.П.Шафиров, Б.П. Шереметев Возвращение Карла XIIв Швецию Прутским мир1711 1711
67%
Южное прикаспийское побережье - Беспошлинная торговляс Персией Рештский трактат 1732
67%
- К.П. Ульрих Вывод русских войск с занятых территорий Петербургский мир1757-1762 1762
67%
Междуречье Южного Бугаи Днестра, Керчь П.А. Румянцев Независимость Крыма Кючук-Кайнарджийский мир 1768-1774 1774
67%
Междуречье Днестра иПрута, Сухуми М.И. Кутузов - Бухарестский мир1806-1812 1812
67%
Азербайджан, Дагестан Абул-ХасанХан - Гулистанский мир1804-1813 1813
67%
- К. Меттерних, К.В. Нессельроде, де Талейран Создание Германскогосоюза, Священного союза Венский мир1815 1815
67%
Эриванское,Нахичеванское ханства И.Ф. Паскевич - Туркманчайский мир1826-1828 1828
67%
Устье Дуная, Черноморскоепобережье А.Ф. Орлов Свобода торговли купцов в проливах Адрианопольский мир, 1828-1829 1829
67%
Устье Дуная и часть ЮжнойБессарабии А.Ф. Орлов Запрет на содержаниефлота в Черном море Парижский мир1853-1856 1856
67%
- А.М. Горчаков,Отто фон Бисмарк Пересмотр договора,принятого в том же году Берлинский трактат1877-1878 1878
67%
Восточная Анатолия, Южная Бессарабия, Мезия, Фракия, Македония... Н.П. Игнатьев - Сан-Стефанский мир1877-1878 1878
67%
Южный Сахалин, Ляодунский полуостров С.Ю. Витте - Портсмутский мир1904-1905 1905
67%
Прибалтика, Украина, Польша, части Беларуси Г.И. Сокольников, Р. фон Кюльман Прекращение револю-ционной пропаганды Брестский мир1914-1918 1918
67%
Карелия ЮрийДанилович, Эрик Турисон - Ореховецкий договор 1323
33%
- - Признание Великого князя верховным судьей Яжелбицкий мир 1456
33%
Корела с уездом М.В. Скопин-Шуйский, Я. Делагарди Предоставление Россиишведского военного корпуса Выборгский трактат 1609
33%
Северские земли, Смоленск,Чернигов Д.И. МезецкойЛ. Сапега - Деулинскоеперемирие 1609-1618 1618
33%
- Н.М. Зотов Подтверждение статусалевобережья Бахчисарайский мир1672-1681 1681
33%
Албазин, Приамурье Ф.А. Головин - Нерчинский договор 1689
33%
Устье Дона Е.И. Украинцев Разрешение Россиииметь постоянное представительство в Константинополе Константинопольскиймир 1686-1700 1700
33%
Ингерманландия,Лифляндия, Эстляндия, Карелия Я.В. Брюс,А.И. Остерман Уплата Россией2 млн ефимков Ништадтский мир1700-1721 1721
33%
Дербент, Баку, южное прикаспийское побережье Петр I - Петербургский мир1722-1723 1723
33%
Устье Дона, фрагментПоднепровья - Свободный доступрусским паломникам в Иерусалим Белградский мир1735-1739 1739
33%
Вильманстранд, Нейшлот,Фридрихсгамп А.И. Румянцев Подтверждение статусаПрибалтики Абоский мир1741-1743 1743
33%
Восточная Грузия Г. Чавчавадзе,П.С. Потемкин Примирение с с царемИмеретии Соломоном I Георгиевский трактат 1783
33%
- Г.М. Армфельт Подтверждение прошлыхдоговоров Верельский мир1788-1790 1790
33%
Междуречье Южного Буга и Днестра, Приазовье, Крым Г.А. Потемкин, А.А. Безбородко - Ясский мир1787-1791 1791
33%
Белосток, прусская Польша Наполеон,Александр I Создание герцогстваВаршавского Тильзитский мир1806-1807 1807
33%
Финляндия Н.П. Румянцев Присоединение к континентальной блокаде Фридрихсгамскиймир, 1808-1809 1809
33%
Все левобережье Амура Н.Н. Муравьев - Айгунский трактат 1858
33%
Междуречье Амура и Уссури Н.П. Игнатьев - Пекинский трактат 1860
33%
- Александр II,Вильгельм I, Франц Иосиф I - Русско-немецко-австрийский союзный договор 1873
33%
- Н.Н. Обручев Обоюдное обязательствовыставить 1.3 и 0.8 млн солдат в случае войны Франко-русскаявоенная конвенция 1892
33%
Персия А.П.Извольский Отказ от сношенийс Афганистаном Англо-русский союзный договор 1907
33%
Западная Беларусь и Украина А.А. Иоффе,Я. Домбский Возвращениевывезенных с 1772 года ценностей Рижский мир1919-1921 1921
33%
Прибалтика, Финляндия,Польша, Бессарабия В.М. Молотов,И. фон Риббентроп - Советско-германскийпакт о ненападении 1939
33%
Карелия, Салла, полуостровРыбачий А.А. Жданов,В.М. Молотов Создание военной базына полуострове Гангут Московский мир1939-1940 1940
33%
- ЕвгенийСавойский Русско-австрийскийсоюзный договор 1726
0%
Дербент, Баку С.Д. Голицын Продолжение войныПерсии против Османов Гянджинский трактат 1735
0%
No matching quizzes found
Score Distribution
Percent of People with Each Score
Percentile by Number Answered
Your Score History
You have not taken this quiz since the last reset